|
|
|
|
| LEADER |
01859cam a2200421 a 4500 |
| 001 |
35901 |
| 003 |
BD-DhAAL |
| 005 |
20211201120053.0 |
| 008 |
211201t2003 ii a bs 101 0 eng d |
| 999 |
|
|
|c 43339
|d 43339
|
| 010 |
|
|
|a 2003333972
|
| 020 |
|
|
|a 8188276022
|
| 025 |
|
|
|a I-E-2003-333972; 93-13
|
| 035 |
|
|
|a (DLC) 2003333972
|
| 037 |
|
|
|b Library of Congress -- New Delhi Overseas Office
|c Rs500.00
|
| 040 |
|
|
|a DLC
|c DLC
|d DLC
|
| 042 |
|
|
|a lcode
|
| 043 |
|
|
|a a-ii---
|
| 050 |
0 |
0 |
|a LB2826.6.I4
|b N37 2003
|
| 082 |
|
|
|a 379.3096781
|
| 111 |
2 |
|
|a National Seminar on Financing of Education
|d (2003 :
|c New Delhi, India)
|9 43420
|
| 245 |
1 |
0 |
|a Financing education in India :
|b current issues and changing perspectives /
|c edited by Jandhyala B.G. Tilak.
|
| 250 |
|
|
|a First edition
|
| 260 |
|
|
|a Delhi :
|b Ravi Books for National Institute of Educational Planning and Administration,
|c 2003.
|
| 300 |
|
|
|a xv, 315 pages :
|b illustratons ;
|c 22 cm.
|
| 500 |
|
|
|a Includes statistical tables.
|
| 504 |
|
|
|a Includes bibliographical references and index.
|
| 520 |
|
|
|a Contributed papers presented at the National Seminar on Financing of Education at New Delhi in 2003.
|
| 526 |
|
|
|a BIED
|
| 541 |
|
|
|a Complimentary copy from BIED
|e 35901
|
| 650 |
|
0 |
|a Education
|z India
|x Finance.
|9 43421
|
| 650 |
|
0 |
|a School management and organization
|z India.
|9 43424
|
| 650 |
|
0 |
|a Education
|z India
|x Finance
|v Congresses.
|9 43425
|
| 700 |
1 |
|
|a Tilak, Jandhyala B. G.
|9 43422
|
| 710 |
2 |
|
|a National Institute of Educational Planning and Administration (India)
|9 43423
|
| 852 |
|
|
|a Ayesha Abed Library
|c BIED Collection
|
| 942 |
|
|
|2 ddc
|c BK
|
| 952 |
|
|
|0 0
|1 0
|2 ddc
|4 0
|6 379_309678100000000_FIN
|7 0
|9 69525
|a BRACUL
|b BRACUL
|c GEN
|d 2021-12-01
|e Complimentary copy from BIED
|l 0
|o 379.3096781 FIN
|p 3010035901
|r 2021-12-01
|t 1
|w 2021-12-01
|y BK
|x Transferred from BIED to General Stacks
|